skbl

Dr Suryya Kumar Bhuyan Library Web-OPAC
ডঃ সূৰ্য্য
কুমাৰ ভূঞা পুথিভঁৰাল ৱেব-অ'পেক

All Research Scholars are advised to clear the annual library fees to continue using Library Resources, Remote Access, Plagiarism Test and Library Clearance.

Cotton University Book Fair 2026

Postcolonial Readings in Indo-Anglian Literature (Record no. 56948)

MARC details
000 -LEADER
fixed length control field 00544nam a2200193Ia 4500
001 - CONTROL NUMBER
control field 57033
008 - FIXED-LENGTH DATA ELEMENTS--GENERAL INFORMATION
fixed length control field 130909n2009 ii |||gr||||Z||||||465
020 ## - INTERNATIONAL STANDARD BOOK NUMBER
International Standard Book Number 978-81-7273-479-4
082 ## - DEWEY DECIMAL CLASSIFICATION NUMBER
Classification number 820.9
245 #0 - TITLE STATEMENT
Title Postcolonial Readings in Indo-Anglian Literature
Statement of responsibility, etc. K.V.Dominic (Editor)
Medium Textual Documents
250 ## - EDITION STATEMENT
Edition statement Ist ed.
260 ## - PUBLICATION, DISTRIBUTION, ETC.
Place of publication, distribution, etc. Assam
Name of publisher, distributor, etc. Author Press
Date of publication, distribution, etc. 2009
300 ## - PHYSICAL DESCRIPTION
Extent 306pg:
Dimensions 22cm.
653 ## - INDEX TERM--UNCONTROLLED
Uncontrolled term English
653 ## - INDEX TERM--UNCONTROLLED
Uncontrolled term English literature- Criticism
653 ## - INDEX TERM--UNCONTROLLED
Uncontrolled term MS- English
700 ## - ADDED ENTRY--PERSONAL NAME
Personal name Dominic, K.V.,
Relator term Editor.
942 ## - ADDED ENTRY ELEMENTS (KOHA)
Source of classification or shelving scheme Dewey Decimal Classification
Koha item type Books
Holdings
Withdrawn status Lost status Damaged status Not for loan Collection Home library Current library Shelving location Date acquired Source of acquisition Coded location qualifier Cost, normal purchase price Total checkouts Full call number Barcode Date last seen Copy number Price effective from Koha item type Public note
          Dr. Suryya Kumar Bhuyan Library Dr. Suryya Kumar Bhuyan Library   09/09/2013 34 00000 800.00   820.9 Do 713 Po 892/Eng 14/01/2024 1 09/09/2013 Books 34

Designed and Maintained by Team SKBL
©1901-2026

Powered by Koha